Counties by Letter: L - Statistics

General Stats
  • This quiz has been taken 52 times
  • The average score is 90 of 202
Answer Stats
State County % Correct
California | Colorado | Florida | +9 others Lake
80%
Alabama | Arkansas | Florida | +9 others Lee
80%
Arkansas | Colorado | Georgia | +21 others Lincoln
73%
Alabama | Arkansas | Illinois | +8 others Lawrence
67%
Idaho | Kentucky | Missouri | +4 others Lewis
67%
Nebraska | Pennsylvania | South Carolina | Virginia Lancaster
60%
California Los Angeles
60%
Kansas | Oregon Lane
53%
New Mexico Lea
53%
South Carolina | Virginia Lexington
53%
Arkansas | Colorado | Illinois | +7 others Logan
53%
Georgia Long
53%
Texas Lubbock
53%
Iowa | Ohio Lucas
53%
Arkansas | Florida | Louisiana | +3 others Lafayette
47%
Alabama | Georgia | Mississippi | Texas Lamar
47%
Nevada Lander
47%
California Lassen
47%
Florida | Georgia | Montana | Texas Liberty
47%
Arizona La Paz
40%
Florida | Texas Leon
40%
Montana Lewis and Clark
40%
Oklahoma Love
40%
Pennsylvania Lackawanna
33%
Texas Lamb
33%
Georgia | South Carolina Laurens
33%
Pennsylvania Lehigh
33%
Ohio Licking
33%
Connecticut Litchfield
33%
Illinois | Kentucky | Louisiana | +3 others Livingston
33%
Ohio Lorain
33%
Texas Loving
33%
Texas Lynn
33%
Minnesota Lake of the Woods
27%
Texas Lampasas
27%
Colorado Larimer
27%
Illinois | Louisiana LaSalle
27%
Texas La Salle
27%
Idaho Latah
27%
Alabama | Mississippi | Tennessee Lauderdale
27%
Florida Levy
27%
Iowa | Kansas | Missouri | Oregon Linn
27%
Texas Lipscomb
27%
Virginia Loudoun
27%
Pennsylvania Lycoming
27%
Iowa | Kansas | Kentucky | +2 others Lyon
27%
Wisconsin La Crosse
20%
Wisconsin Langlade
20%
Georgia Lanier
20%
Michigan Lapeer
20%
Indiana LaPorte
20%
Colorado Las Animas
20%
Kentucky Laurel
20%
Texas Lavaca
20%
Kansas Leavenworth
20%
North Carolina Lenoir
20%
Kentucky Letcher
20%
Texas Llano
20%
Tennessee Loudon
20%
Georgia Lumpkin
20%
South Dakota Lyman
20%
Virginia Lynchburg
20%
Kansas Labette
13%
Minnesota Lac qui Parle
13%
Louisiana Lafourche
13%
Indiana LaGrange
13%
Alaska Lake and Peninsula
13%
Colorado La Plata
13%
Oklahoma Latimer
13%
Mississippi Leake
13%
Pennsylvania Lebanon
13%
Michigan Leelanau
13%
Mississippi Leflore
13%
Oklahoma Le Flore
13%
Michigan Lenawee
13%
Minnesota Le Sueur
13%
Alabama | Texas Limestone
13%
Texas Live Oak
13%
Arkansas Lonoke
13%
New Mexico Los Alamos
13%
Iowa | Virginia Louisa
13%
Alabama | Georgia | Mississippi Lowndes
13%
Michigan Luce
13%
New Mexico Luna
13%
Pennsylvania Luzerne
13%
Missouri Laclede
7%
Vermont Lamoille
7%
North Dakota LaMoure
7%
Kentucky LaRue
7%
Idaho Lemhi
7%
Kentucky Leslie
7%
Arkansas Little River
7%
Nebraska Loup
7%
Virginia Lunenburg
7%
No matching quizzes found
Score Distribution
Percent of People with Each Score
Percentile by Number Answered
Your Score History
You have not taken this quiz